000 00481cam a2200193ua 4500
001 2199
008 111121n ii |||gr||||Z||||||asm
040 _cMAIN
082 _a371.1
100 _aDeka, Kandarpa Kr.,
_eAuthor.
245 1 _aAnishikshan
_cby Kandarpa Kr. Deka
250 _a1st.
260 _aGuahati:
_bBanalata,995.
_aDibrugarh:
300 _a43p:
_bill;
_c23cm.
653 _aEducation
653 _aAnishikshan
700 _aHazarika, Mukut,
_eAuthor.
942 _cBK
999 _c2067
_d2067